Bundesland nach Landkreis #2 - Statistiken

Allgemein
  • Dieses Quiz wurde 90 mal gespielt
  • Das Durchschnittsergebnis liegt bei 8 aus 13
Antwortstatistiken
Hint Antwort % Korrekt
Vorpommern-Greifswald Mecklenburg-Vorpommern
94%
Erzgebirgskreis Sachsen
87%
Unterallgäu Bayern
84%
Südliche Weinstraße Rheinland-Pfalz
74%
Heidekreis Niedersachsen
69%
St. Wendel Saarland
68%
Stormarn Schleswig-Holstein
63%
Kyffhäuserkreis Thüringen
57%
Prignitz Brandenburg
54%
Schwalm-Eder-Kreis Hessen
51%
Ortenaukreis Baden-Württemberg
50%
Märkischer Kreis Nordrhein-Westfalen
34%
Börde Sachsen-Anhalt
34%
Keine übereinstimmenden Quizze gefunden
Verteilung der Resultate
Anzahl Personen mit jedem Resultat
Perzentil nach korrekt beantworteten Fragen
Ihre Resultats-Entwicklung
Sie haben dieses Quiz noch nicht gespielt